000 00751nam a2200217 i 4500
001 24694
003 ES-MaACL
005 20250821063016.0
007 t|
008 021218s1967 sp ||||1| spa d
100 1 _aAntonioni, Michelangelo,
_d1912-2007
_921990
245 1 3 _aLa noche
_b; El eclipse ; El desierto rojo /
_cMichelangelo Antonioni ; [Traductor: José Manuel Alonso Ibarrola ; revisión: Carmen martín Gaite].
260 _aMadrid :
_bAlianza,
_c[1967]
300 _a258 p. ;
_c18 cm.
700 1 _aAlonso Ibarrola, José Manuel.
_920343
700 1 _aMartín Gaite, Carmen,
_d1925-2000
_977496
740 3 _aEl eclipse.
740 3 _aEl desierto rojo.
852 _aES-MaACL
_jC-34264
_bR.64561
999 _c24694
_d24694